LEADER 00458nab a2200145 i 4500 001 000000309661 003 CaOOAMICUS 005 20180831172958.0 008 180831n xx uu u0 0und r 013 $a18754 040 $aSeMil$bita 100 1 $aLocatelli, Carlo .$0(OLS)http://semarc/name/40586 245 13$aIl sinodo e i santi a Pavia. 773 0 $t[Luglio-Dicembre].$g360-366$w()273968 996 $6245$aIl sinodo e i santi a Pavia$9(OLS)http://semarc/title/384670 LEADER 00629nam a2200181 i 4500 001 000000006609 003 CaOOAMICUS 005 20240726161731.0 008 180830s1935 it u000 u ita u 040 $aSeMil$bita 245 10$aAppendice. 260 $aMilano :$bStirpe,$c1935. 773 0 $tEnciclopedia storico-nobiliare italiana.$dMilano : Enciclopedia storico-nobiliare italiana, 1928-1936.$w()6608 774 0 $tParte 1.$gParte1$w()103008 774 0 $tParte 2.$gParte2$w()103009 996 $6245$aAppendice$9(OLS)http://semarc/title/8809 996 $6260$aMilano :$bStirpe$9(OLS)http://semarc/publisher/31839